000 00504nam a22001577a 4500
008 111028t xxu||||| |||| 00| 0 eng d
020 _a0072838132 9780072838138
050 _aE184 A1 R23
100 _a Kromkowski, John A
245 _aRace and ethnic relations, 03/04 /
_c John A. Kromkowski.
260 _aGuilford, Conn:
_b McGraw-Hill/Dushkin,
_c2003.
650 _aRace relations.
650 _aCulture conflict
_xUnited States.
651 _aUnited States.
_x Race relations.
942 _2lcc
_cBK
999 _c201
_d7701